UM Logo
Normal view MARC view
  • diamond, stephanie,

Entry Personal Name

Number of records used in: 1

001 - CONTROL NUMBER

  • control field: 51845

003 - CONTROL NUMBER IDENTIFIER

  • control field: OSt

005 - DATE AND TIME OF LATEST TRANSACTION

  • control field: 20240208101336.0

008 - FIXED-LENGTH DATA ELEMENTS

  • fixed length control field: 240208|| aca||aabn | a|a d

040 ## - CATALOGING SOURCE

  • Original cataloging agency: OSt
  • Transcribing agency: OSt

100 ## - HEADING--PERSONAL NAME

  • Personal name: diamond, stephanie,
  • Relator term: author.

670 ## - SOURCE DATA FOUND

  • Source citation: Work cat.: (OSt)0: diamond, stephanie, author., Digital Marketing All-In-One For Dummies, 2nd Edition /, [2023].